000
00332nam a2200145Ia 4500
008
221030s9999 xx 000 0 und d
041
_a
English
082
_a
105.23
100
_a
Monika/183
245
0
_a
Preinspection Of Vehicles Before Insurence
250
_a
2008
260
_a
K B &CO
_c
2008
650
_a
MCA
942
_c
TH
999
_c
10044
_d
10044